000
00437nam a2200157Ia 4500
008
090124s9999 xx 000 0 und d
082
_b
6267
_a
929
245
_a
उच्च जीवितसरणी
250
_a
1
260
_c
1942
300
_a
260
630
_a
उच्च जीवितसरणी
700
_a
केसकर बी.बी.
730
_a
उच्च जीवितसरणी
942
_c
BOOK
999
_c
120208
_d
120208